000 00311 a2200109 4500
001 ART_7219
005 20260410161623.0
008 260409a
245 1 0 _aInspección General de Justicia. Tasa anual 2011
100 1 _aPiñeiro, Horacio
773 0 _tEnfoques
_g- Nº 9 (sep. 2011)
_wREV416
999 _c11721
_d11721